00383nam a2200121Ia 4500008004100000020002200041082001400063100003900077245008400116250001600200260003500216300001000251210430s9999 xx 000 0 und d a978-81-317-2552-8 aH657B 660 aDavid M.Himmelblau, James B. Riggs aBasic Principles and Calculations in Chemical Engineering /cDavid M.Himmelblau a7th edition aIndiabDorling Kinderslyc2009 a1115p